| 000 | 00000nam##2200000za#4500 |
| 001 | 9.570306 |
| 003 | CaOODSP |
| 005 | 20210624182159 |
| 007 | cr ||||||||||| |
| 008 | 150406|2010||||xxc|||||o f|0| 0 eng|d |
| 040 | |aCaOODSP|beng |
| 043 | |an-cn--- |
| 086 | 1 |aYC28-0/403-7E-PDF |
| 110 | 1 |aCanada. |bParliament. |bSenate. |bStanding Committee on Aboriginal Peoples. |
| 245 | 14|aThe journey ahead : |h[electronic resource]|breport on progress since the Government of Canada's apology to former students of Indian residential schools / |cThe Honourable Gerry St. Germaine, P.C., chair; The Honourable Lillian Eva Dyck, deputy chair. |
| 246 | 3 |aReport of the Standing Senate Committee on Aboriginal Peoples |
| 260 | |aOttawa - Ontario : |bSenate. |cDecember 2010. |
| 300 | |a15p. |
| 490 | 1 |aReport of the Standing Senate Committee on Aboriginal Peoples|v40th Parliament, 3rd Session, [7th report] |
| 590 | |a11-12-Supp|b2011-07-29 |
| 775 | 08|tLe chemin à parcourir : |w(CaOODSP)9.601050 |
| 830 | #0|aReport of the Standing Senate Committee on Aboriginal Peoples ;|v40th Parliament, 3rd Session, [7th report]|w(CaOODSP)9.505264 |
| 856 | 40|ahttp://publications.gc.ca|qPDF|s232 KB|uhttps://publications.gc.ca/collections/collection_2011/sen/yc28-0/YC28-0-403-7-eng.pdf|y40th Parliament, 3rd Session, [7th report] |